Statistieken voor Afkortingen NL

Klik hier om de quiz te nemen!

Algemene statistieken

  • Deze quiz is 87 keer genomen
  • De gemiddelde score is 5 van 10

Antwoordstatistieken

afkortingAntwoord% Correct
enz.enzovoort
97%
alg.algemeen
86%
afd.afdeling
84%
t.o.v.ten opzichte van
62%
EU.europese unie
61%
dr.dokter
46%
dB.decibel
25%
AA.anonieme alcoholist
20%
CS.centraal station
19%
BXL.Brussel
13%

Scoreverdeling

Percentiel versus Aantal Correcte Antwoorden

Procent van Mensen met Elke Score

Uw Scoregeschiedenis

U heeft deze quiz nog niet genomen